Statistics for Easter in different languages - Guess the language

Click here to take the quiz!

General Stats

  • This quiz has been taken 79 times
  • The average score is 8 of 24

Answer Stats

EasterLanguage% Correct
OsternGerman
87%
Pascua de ResurrecciónSpanish
80%
PâquesFrench
76%
Lễ Phục sinhVietnamese
73%
PáscoaPortuguese
58%
Eyd AlfasahArabic
51%
HúsvétiHungarian
45%
WielkanocPolish
45%
PaștiRomanian
45%
LihavõttedEstonian
33%
VelykodniyUkrainian
31%
LieldienasLatvian
29%
GħidMaltese
27%
ĪsutāJapanese
24%
PasenDutch
22%
BuhwaljeolKorean
18%
PaskalyaTurkish
18%
PasgWelsh
18%
UskrsCroatian
16%
VelikdenBulgarian
13%
iPasikaXhosa
9%
PazkoBasque
5%
ĪsṭaraNepali
5%
AjindeYoruba
5%

Score Distribution

Percentile by Number Answered

Percent of People with Each Score

Your Score History

You have not taken this quiz